000 00675nam a2200217Ia 4500
003 GCL
005 20240530094700.0
008 140319s9999 xx 000 0 ara d
020 _a5688101977
040 _aGCL /
_cGCL
082 0 4 _a962
_bق/م ب
100 1 _aمصطفى بكرى
245 1 0 _aبالعقل اوجاع فى قلب الوطن /
_cمصطفى بكرى
260 _aالقاهرة :
_bالهيئة المصرية العامة للكتاب ،
_c2000
300 _a419 ص ؛
_c18 سم
490 _aمكتبة الاسرة
_v0
650 0 4 _aمصر
650 0 4 _aمصر - تاريخ
650 0 4 _aمصر - الاحوال السياسية
942 _2ddc
_cBK
999 _c156
_d156